000 00295nam a22001337a 4500
008 171107b xxu||||| |||| 00| 0 eng d
020 _a9786084577263
041 _aalb
080 _a330.322
100 _a63
101 _aINV
245 _aTËRHEQJA E INVESTUESVE
_cKOTLER,P
942 _2udc
_cBK
999 _c38108
_d38108